• 首页
  • 本馆介绍
  • 公告通知
  • 最新文献
  • 馆藏检索
  • 电子资源
  • 读者导购
  • 参考咨询
  • 我的图书馆
  • 登录
  • 详细信息显示
  • 放入我的书架
  • 预约/预借图书
  • 作者相关作品
  • 分类相关作品
  • 丛书相关作品
  • 出版社相关作品

书目信息

  • 表格格式
  • 工作单格式
  • 卡片格式
题名:
数坛怪侠——爱尔特希
    
 
作者: 朱见平 著
分册:  
出版信息: 哈尔滨   哈尔滨工业大学出版社  2018
页数: 368,16页
开本: 19cm
丛书名: 数学家传奇丛书
单 册:
中图分类: K835.156.11=53 , K835
科图分类:
主题词: 数学家--传记--匈牙利--现代
电子资源:
ISBN: 978-7-5603-6954-9
000 00943nam0 2200265 450
001 2328999802
005 20231209080338.06
010    @a978-7-5603-6954-9@dCNY 68.00
100    @a20180511d2018 em y0chiy0120 ea
101 0  @achi
102    @aCN@b230000
105    @ay z 000yb
200 1  @a数坛怪侠——爱尔特希@Ashu tan guai xia——ai er te xi@b专著@f朱见平著
210    @a哈尔滨@c哈尔滨工业大学出版社@d2018
215    @a368,16页@d19cm
225 2  @a数学家传奇丛书@v9
330    @a本书介绍了匈牙利著名数学家保罗·爱尔特希的传奇一生,讲述了有着“现在欧拉”“数学莫扎特”之美称的爱尔特希,对数论、图论、组合论等数学分支的杰出贡献,以及对数学、数学美有着深刻见解。
410  0 @12001 @a数学家传奇丛书@v9
606 0  @a数学家@x传记@y匈牙利@z现代
610 0  @a爱尔特希(1913-1996)
690    @aK835.156.11=53@v5
690    @aK835@v4
701  0 @a朱见平@Azhu jian ping@4著
801  2 @aCN@b辽宁北配@c20231205
905    @aZUCC@dK835@e78
    
    数坛怪侠——爱尔特希/朱见平著.-哈尔滨:哈尔滨工业大学出版社,2018
    368,16页;19cm.-(数学家传奇丛书;9)
    
    
    ISBN 978-7-5603-6954-9:CNY 68.00
    本书介绍了匈牙利著名数学家保罗·爱尔特希的传奇一生,讲述了有着“现在欧拉”“数学莫扎特”之美称的爱尔特希,对数论、图论、组合论等数学分支的杰出贡献,以及对数学、数学美有着深刻见解。
●
相关链接 在五车中查询图书 在当当中查询图书 在豆瓣中查询图书


正题名:数坛怪侠——爱尔特希     索取号:K835/78         预约/预借

序号 登录号 条形码 馆藏地/架位号 状态 备注
1 2001506006   2001506006   315书库/ [索取号:K835/78] 在馆    
2 2001506007   2001506007   第四书库/四19架B面4层2列/ [索取号:K835/78] 在馆    
3 2001506008   2001506008   509书库/ [索取号:K835/78] 在馆    
4 2001506009   2001506009   509书库/ [索取号:K835/78] 在馆    
5 2001506010   2001506010   509书库/ [索取号:K835/78] 在馆    
6 2001506011   2001506011   509书库/ [索取号:K835/78] 在馆    
7 2001506012   2001506012   509书库/ [索取号:K835/78] 在馆    
8 2001506013   2001506013   509书库/ [索取号:K835/78] 在馆    
9 2001506014   2001506014   第四书库/四19架B面4层2列/ [索取号:K835/78] 在馆    
10 2001506015   2001506015   第四书库/四19架B面4层2列/ [索取号:K835/78] 在馆    
11 2001506016   2001506016   第四书库/四19架B面4层2列/ [索取号:K835/78] 在馆    
12 2001506017   2001506017   第四书库/四19架B面4层2列/ [索取号:K835/78] 在馆    
13 2001506018   2001506018   第四书库/四19架B面4层2列/ [索取号:K835/78] 在馆    
14 2001506019   2001506019   第四书库/四19架B面4层2列/ [索取号:K835/78] 在馆    
15 2001506020   2001506020   第四书库/四19架B面4层2列/ [索取号:K835/78] 在馆    
16 2001506021   2001506021   第四书库/四19架B面4层2列/ [索取号:K835/78] 在馆    
17 2001506022   2001506022   第四书库/四19架B面4层2列/ [索取号:K835/78] 在馆    
18 2001506023   2001506023   315书库/ [索取号:K835/78] 在馆    
19 2001506024   2001506024   315书库/ [索取号:K835/78] 在馆    
20 2001506025   2001506025   315书库/ [索取号:K835/78] 在馆    
21 2001506026   2001506026   315书库/ [索取号:K835/78] 在馆    
22 2001506027   2001506027   第四书库/四19架B面4层2列/ [索取号:K835/78] 在馆    
23 2001506028   2001506028   第四书库/四19架B面4层2列/ [索取号:K835/78] 在馆    
24 2001506029   2001506029   第四书库/四19架B面4层2列/ [索取号:K835/78] 在馆    
25 2001506030   2001506030   第四书库/四19架B面4层2列/ [索取号:K835/78] 在馆    
26 2001506031   2001506031   第四书库/四19架B面4层2列/ [索取号:K835/78] 在馆    
27 2001506032   2001506032   第四书库/四19架B面4层2列/ [索取号:K835/78] 在馆    
28 2001506033   2001506033   315书库/ [索取号:K835/78] 在馆    
29 2001506034   2001506034   第四书库/四19架B面4层2列/ [索取号:K835/78] 在馆    
30 2001506035   2001506035   第四书库/四19架B面4层2列/ [索取号:K835/78] 在馆    
山东省滨州职业学院图书馆 欢迎您!
大连网信软件有限公司© 版权所有